| 000 | 00409nam a2200157Ia 4500 | ||
|---|---|---|---|
| 008 | 210210b1998 xxu||||| |||| 00| 0 eng d | ||
| 082 | _a336 SUNP | ||
| 100 | _aSUNDHARAM (K P M). | ||
| 245 | _aPublic finance: theory and practice. | ||
| 250 | _a | ||
| 260 |
_aN D _bS. Chand & Co. Ltd. _c1998 |
||
| 300 | _a665 | ||
| 650 | _aPublic finance Public economics | ||
| 690 | _aPublic Financ | ||
| 906 | _a05569 | ||
| 999 |
_c102985 _d102985 |
||